000 00341 a2200157 4500
001 154263
040 _cEscola São Tomás de Aquino
100 _aANDRADE, Carlos Drummond de
240 1 0 _aA senha do mundo
_lpor
245 1 0 _aA senha do mundo
300 _a47
362 0 _a2002
440 1 _aRecord
697 _aPoesia
942 _cBK
999 _c154263
_d154263